| 000 | 00648nam a22001575i 4500 | ||
|---|---|---|---|
| 001 | 173702 | ||
| 003 | ES-MaACL | ||
| 005 | 20230906215323.0 | ||
| 008 | 100112s1884 sp |||| | spa d | ||
| 245 | 0 | 0 |
_aMemoria presentada por el Consejo de Administración á la Junta General de Señores Accionistas celebrada el 7 de mayo de 1884 _b: ejercicio de 1883. |
| 260 |
_aMadrid : _b[s.n.], _c1884 ( _fImp. Central) |
||
| 300 |
_a15 p. ; _c23 cm. |
||
| 594 | _aPrecede al tít.: Compañía del Tranvía de Madrid á Arganda por Vallecas. | ||
| 710 | 2 |
_aCompañia del Tranvía de Madrid a Arganda por Vallecas. _9141905 |
|
| 852 |
_aES-MaACL _jT-381-F-2 |
||
| 999 |
_c173702 _d173702 |
||